Implementación de estrategias para el ingreso al mercado de Resultados-ya : estudio de caso /
Proyecto para crear una página de Internet que permita la rápida consulta de los resultados de los Pronósticos Deportivos, de la Lotería Nacional. Se analizan tanto el mercado de este tipo de web, como el ciclo de vida del producto, para conocer su viabilidad.
Збережено в:
| Автор: | |
|---|---|
| Формат: | Дисертація Книга |
| Мова: | Іспанська |
| Опубліковано: |
Guadalajara, México :
edición de autor,
2019
|
| Предмети: | |
| Онлайн доступ: | Ver documento en línea |
| Теги: |
Немає тегів, Будьте першим, хто поставить тег для цього запису!
|
MARC
| LEADER | 00000nam^a2200000^a^4500 | ||
|---|---|---|---|
| 001 | 000418142 | ||
| 005 | 20251023000000.0 | ||
| 009 | 20260310122410.603 | ||
| 037 | |a Acervo ITESO - Biblioteca | ||
| 041 | |a ESP | ||
| 090 | |a MKT. 215 | ||
| 100 | |a Ruiz Gómez, Erasmo |e (autor) | ||
| 245 | 1 | 0 | |a Implementación de estrategias para el ingreso al mercado de Resultados-ya : |b estudio de caso / |c E. Ruiz Gómez. |
| 264 | 1 | |a Guadalajara, México : |b edición de autor, |c 2019 | |
| 300 | |a 1 tesis electrónica en línea (60 p.) | ||
| 300 | |a 1 recurso en línea | ||
| 336 | |a datos para computadora |b cod |2 rdacontenido | ||
| 337 | |a computadora |b c |2 rdamedio | ||
| 338 | |a recurso en línea |b cr |2 rdasoporte | ||
| 502 | |a ITESO Tesis de Maestría en Mercadotecnia Global | ||
| 520 | |a Proyecto para crear una página de Internet que permita la rápida consulta de los resultados de los Pronósticos Deportivos, de la Lotería Nacional. Se analizan tanto el mercado de este tipo de web, como el ciclo de vida del producto, para conocer su viabilidad. | ||
| 649 | |a XX | ||
| 650 | |a Lotería Nacional para la Asistencia Pública - |x Tema Principal | ||
| 650 | |a Páginas en Línea - |x Aspectos Económicos - |x Tema Principal | ||
| 650 | |a Sistemas de Información - |x Aspectos Económicos | ||
| 650 | |a Ciclo de Vida del Producto - |x Tema Principal | ||
| 650 | |a Investigación de Mercado | ||
| 650 | |a Producto (Mezcla de Mercadotecnia) | ||
| 650 | |a Estrategia Mercadotécnica - |x Tema Principal | ||
| 650 | |a Mercadotecnia de Servicios | ||
| 650 | |a Ciencias Administrativas | ||
| 856 | 4 | 0 | |u https://rei.iteso.mx/handle/11117/6041 |y Ver documento en línea |
| 910 | |a Fondo General | ||
| 920 | |a Electrónicos - Tesis del ITESO en Línea | ||
| 930 | |a Repositorio Institucional | ||
| 905 | |a 201 | ||
| 901 | |a 418142-1 |b IT2 |c ETI |u 20250521 | ||
| 902 | |a https://opac.biblio.iteso.mx/vufind/Record/000418142 | ||